| 000 | 00432nam a2200169Ia 4500 | ||
|---|---|---|---|
| 999 |
_c30263 _d30263 |
||
| 003 | OSt | ||
| 005 | 20250521173105.0 | ||
| 008 | 250310s9999||||xx |||||||||||||| ||und|| | ||
| 040 | _c. | ||
| 082 |
_a823.912 _bS5627 |
||
| 100 |
_94821 _aShute, Nevil |
||
| 245 | 0 |
_aWhat happend to the corbetts / _cNevil Shute |
|
| 260 |
_aLondon : _bWilliam Heinemann ltd, _c1939. |
||
| 300 | _a246 p. | ||
| 650 | 0 |
_94554 _aWorld War |
|
| 942 |
_cBK _2ddc |
||